1337 1157 1339 1982 1883 1227 1181 1300 1186 1970 1181 1699 1962 1473 1310 1538 1967 1677 1503 1402 1084 1922 1955 1769 1232 1970 1318 1435 1649 1938 1336 1606 1170 1609 1941 1059 1640 1289 1202 1735 1797 1849 1371 1395 1192 1980 1808 1833 1868 1652 1452 1833 1692 1687 1180 1329 1125 1092 1462 1517 1820 1183 1081 1605 1458 1758 1968 1002 1712 1554 1110 1870 1061 1732 1450 1177 1745 1897 1377 1775 1758 1746 1122 1385 1437 1727 1823 1783 1559 1406 1763 1278 1945 1332 1676 1157 1640 1159 1651 BCNSPRNW ULIB Ver.6.0+V

เปลี่ยนเป็นภาษาไทย

Change to English
 แสดงรายละเอียดบรรณานุกรม
  กลับหน้าหลัก

Brief Record : Get Marc (ISO 2709) : E-mail record : QR code < ปิดหน้าต่าง
LEADER : 00000nam 2200000uu 4500
001    13399109050
003     ULIB
008    110321s2548||||th 000 0 tha d
020    9741006878
024     9789741006878
050  4 PZ90.T5^bว968ฉ 2551
100 0  ไวทย์ สันตยารมณ์
245 10 ฉำฉา /^cครูไวทย์ สันตยารมณ์
246    ฉำฉา ยอดอัจฉริยะ เล่ม 1 โสดาบัน เล่ม 2 (ฉบับสมบูรณ์)
250    พิมพ์ครั้งที่ 1
260    กรุงเทพฯ :^bครอบครัว,^c2548
300    403 หน้า :^bภาพประกอบ (สีบางภาพ) ;^c21 ซม.
650  7 วรรณกรรมสำหรับเด็ก
650  7 นิทานคติธรรม
945    ^p150^l0^i029816
945    ^p150^l0^i029815
945    ^p150^l0^i029814
995    เกษร
999 ^a ใช้งานได้ทุกระบบ
รายการนี้ยังไม่มีแท็ก
คุณยังไม่ได้ล็อกอิน คุณสามารถมีกิจกรรมร่วมกับเว็บไซต์ได้ แต่ต้องล็อกอินก่อน ::
  ล็อกอิน

รายการสื่อสารสนเทศ

ลำดับที่ ประเภท เลขเรียก/บาร์โค้ด สถานที่ สถานะ
- ไม่พบข้อมูล -

รายการใกล้เคียง
    ผู้แต่ง [ไวทย์ สันตยารมณ์]

    หัวเรื่อง [วรรณกรรมสำหรับเด็ก]
    หัวเรื่อง [นิทานคติธรรม]

BibComment


ยังไม่เคยถูกคอมเมนท์

คอมเมนท์ทรัพยากรรายการนี้
  คอมเมนท์: ฉำฉา ครูไวทย์ สั..


 Copyright 2026. Bcnsprnw @Library